Constructing the canon of early modern drama
Uloženo v:
| Hlavní autor: | |
|---|---|
| Médium: | Kniha |
| Jazyk: | angličtina |
| Vydáno: |
Cambridge University Press
2014
|
| Tagy: |
Přidat tag
Žádné tagy, Buďte první, kdo vytvoří štítek k tomuto záznamu!
|
MARC
| LEADER | 00000nam a22000007a 4500 | ||
|---|---|---|---|
| 008 | 240806b |||||||| |||| 00| 0 eng d | ||
| 020 | |a 9781107030572 | ||
| 022 | |a 9781107030572 | ||
| 100 | |a Lopez, Jeremy | ||
| 245 | |a Constructing the canon of early modern drama |c Jeremy Lopez |g xii, 231p. | ||
| 260 | |b Cambridge University Press |c 2014 |h Cambridge |i 700899 |l PR651.L88 |m English drama- Early modern and Elizabethan 1500- 1600-History and criticism |m Canon (literature) | ||
| 500 | |a ''It includes bibliography and index'' | ||
| 942 | |a lcc |c BK |e Adeyemo O.O |f 06/08/2024 | ||
| 952 | |0 0 |1 0 |2 lcc |4 0 |6 PR0651 L88 |7 0 |9 5427 |a HOL |b HOL |c LP |d 2024-08-06 |l 0 |o PR651.L88 |p 2024-0668 |r 2024-08-06 00:00:00 |t 700899 |w 2024-08-06 |y BK | ||
| 999 | |c 2685 |d 2685 | ||